La Guerre de Troie N´aura pas Lieu

Guardado en:
書目詳細資料
主要作者: Giraudoux, Jean
格式: 圖書
語言:Undetermined
出版: París, Francia Librairie Larousse [s.f.]
主題:
標簽: 添加標簽
沒有標簽, 成為第一個標記此記錄!

MARC

LEADER 00000nam a2200000Ia 4500
008 170316s9999 xx 000 0 und d
040 |a cru BVZT 
090 |a 840 G-8g 
100 |a Giraudoux, Jean 
245 |a La Guerre de Troie N´aura pas Lieu 
260 |a París, Francia 
260 |b Librairie Larousse 
260 |c [s.f.] 
300 |a 119 páginas 
650 |a LITERATURA FRANCESA 
999 |c 7728  |d 7728 
942 |c 15 D  |h 840 G-8g  |2 z